000 00568nam a2200217Ia 4500
003 OSt
005 20220926045624.0
006 a|||||r|||| 00| 0
007 ta
008 220923b |||||||| |||| 00| 0 eng d
037 _cGeneral Book
040 _aRTL
_cRTL
_beng
041 _2eng
_aeng
082 _aX:2:(B), K3/TD1
100 _aManne A S
_9350465
245 0 _aStudies in process analysis
260 _c1963
700 _a Markowitz
_9350466
942 _hX:2:(B), K3/TD1
_cGB
_2CC
999 _c678160
_d678160